000
00357nam a2200169Ia 4500
100
_a
Varkey/C.P
650
_a
Philosophy
942
_c
BK
366
_f
25
654
_a
happiness
245
_a
Happiness is your Right
260
_b
Better Yourself Books
_a
Bandra
_c
1996
082
_a
170/VAR
_b
VAr
300
_a
108
546
_a
ENGLISH
999
_c
30660
_d
30660